[Event "SCO-ch"]
[White "Oswald, David C"]
[Black "Brown, Allan D"]
[Site "Hamilton"]
[Round "7"]
[Result "1-0"]
[Date "2010.07.15"]
[WhiteElo "1990"]
[BlackElo "1880"]
[PlyCount "85"]
[EventDate "2010.07.11"]
[EventType "swiss"]
[EventRounds "9"]
[EventCountry "SCO"]
[SourceTitle "CBM 137 Extra"]
[Source "ChessBase"]
[SourceDate "2010.09.01"]
[SourceVersion "1"]
[SourceVersionDate "2010.09.01"]
[SourceQuality "1"]

1. e4 c5 2. Nf3 d6 3. d4 cxd4 4. Nxd4 Nf6 5. Nc3 a6 6. Bg5 e5 7. Nb3 Be6 8. Bxf6 Qxf6 9. Nd5 Bxd5 10. Qxd5 Nc6 11. c3 g6 12. a4 Qe6 13. Bc4 Qxd5 14. Bxd5 f6 15. Nd2 0-0-0 16. Nc4 Bh6 17. a5 Rhf8 18. Rd1 Kc7 19. b4 f5 20. Nb6 fxe4 21. Bxe4 Ne7 22. g3 Rf6 23. 0-0 Rdf8 24. Rd3 R6f7 25. f3 Rd8 26. Rfd1 Bf8 27. Nc4 Nc6 28. Bxc6 bxc6 29. Nxe5 Rf5 30. Nc4 h5 31. Kg2 g5 32. Re1 d5 33. Na3 c5 34. Nc2 Kc6 35. Re6+ Kb5 36. Ne3 cxb4 37. Nxf5 Kc4 38. Rd4+ Kxc3 39. Rc6+ Kb2 40. Rd2+ Ka3 41. Rd3+ Ka4 42. Rxa6 b3 43. Rb6 1-0

[Event "Hawick op"]
[White "Oswald, David C"]
[Black "Grant, Alan"]
[Site "Hawick"]
[Round "4"]
[Result "0-1"]
[Date "2009.06.28"]
[WhiteElo "1904"]
[BlackElo "2221"]
[PlyCount "72"]
[EventDate "2009.06.26"]
[EventType "swiss"]
[EventRounds "5"]
[EventCountry "SCO"]
[SourceTitle "EXT 2023"]
[Source "ChessBase"]
[SourceDate "2022.10.05"]
[SourceVersion "1"]
[SourceVersionDate "2022.10.05"]
[SourceQuality "1"]

1. e4 c5 2. Nf3 e6 3. d4 cxd4 4. Nxd4 Nc6 5. Be3 Qc7 6. Bd3 a6 7. 0-0 Nf6 8. Nc3 Nxd4 9. Bxd4 Bc5 10. Bxc5 Qxc5 11. Qf3 d6 12. Qg3 0-0 13. Rae1 e5 14. Re3 Be6 15. Rf3 Nh5 16. Qh4 Nf4 17. Rd1 g6 18. Qh6 f6 19. Rg3 Rf7 20. h4 Raf8 21. h5 Rg7 22. hxg6 hxg6 23. Nd5 Bxd5 24. exd5 f5 25. b3 Qc8 26. c4 Qe8 27. Qg5 Rh7 28. Re3 Kg7 29. f3 Rfh8 30. Kf2 Rh2 31. Qg3 Rxg2+ 32. Qxg2 Nxg2 33. Kxg2 Qd8 34. Kf1 Qg5 35. Ree1 Rh1+ 36. Ke2 Rh2+ 0-1

[Event "Hawick op"]
[White "Oswald, David C"]
[Black "Donohue, Tom"]
[Site "Hawick"]
[Round "2"]
[Result "1-0"]
[Date "2009.06.27"]
[WhiteElo "1904"]
[BlackElo "1945"]
[PlyCount "61"]
[EventDate "2009.06.26"]
[EventType "swiss"]
[EventRounds "5"]
[EventCountry "SCO"]
[SourceTitle "EXT 2023"]
[Source "ChessBase"]
[SourceDate "2022.10.05"]
[SourceVersion "1"]
[SourceVersionDate "2022.10.05"]
[SourceQuality "1"]

1. e4 c5 2. Nf3 e6 3. d4 cxd4 4. Nxd4 a6 5. Bd3 Qc7 6. Be3 Nf6 7. 0-0 Nc6 8. Nxc6 dxc6 9. f4 c5 10. Nc3 Bd7 11. e5 Nd5 12. Nxd5 exd5 13. c3 0-0-0 14. b4 g6 15. Kh1 h5 16. bxc5 Bxc5 17. Bd4 Rhg8 18. Rb1 Bf5 19. Bxf5+ gxf5 20. Qxh5 Rg7 21. Qxf5+ Kb8 22. Qd3 Bxd4 23. cxd4 Qc4 24. Qb3 Qxb3 25. Rxb3 Rc8 26. Rfb1 b5 27. a4 Rc2 28. Rg3 Rxg3 29. hxg3 Rc4 30. axb5 Rxd4 31. bxa6+ 1-0

[Event "Bunratty Masters op 16th"]
[White "Yurenok, Maria S"]
[Black "Oswald, David C"]
[Site "Bunratty"]
[Round "6"]
[Result "1/2-1/2"]
[Date "2009.02.22"]
[WhiteElo "2035"]
[BlackElo "1998"]
[PlyCount "32"]
[EventDate "2009.02.20"]
[EventType "swiss"]
[EventRounds "6"]
[EventCountry "IRL"]
[SourceTitle "CBM 128 Extra"]
[Source "ChessBase"]
[SourceDate "2009.03.05"]
[SourceVersion "2"]
[SourceVersionDate "2009.03.25"]
[SourceQuality "1"]

1. d4 Nf6 2. Nf3 g6 3. Bg5 Bg7 4. Nbd2 d6 5. e4 0-0 6. Be2 Nbd7 7. h3 c5 8. c3 cxd4 9. cxd4 a6 10. 0-0 b5 11. Re1 Nb6 12. Bf1 Be6 13. d5 Bd7 14. Be3 Rc8 15. Rc1 e6 16. dxe6 Bxe6 1/2-1/2